Systém zverejňovania informácií o bankách registrovaných na Novom Zélande

Na Novom Zélande uskutočňuje dohľad nad bankami centrálna banka. V roku 1991 bola uskutočnená analýza efektívnosti bankového dohľadu - v roku 1996 vstúpil do platnosti nový systém výkonu bankového dohľadu. Ťažiskom je režim zverejňovania informácií. Banky sú povinné zverejňovať správy vo formách: Pr...

ver descrição completa

Na minha lista:
Detalhes bibliográficos
Autor principal: Fendeková, Izabela
Outros Autores: Hetteš, František
Formato: Capítulo de Livro
Idioma:eslovaco
Assuntos:
Tags: Adicionar Tag
Sem tags, seja o primeiro a adicionar uma tag!

MARC

LEADER 00000naa a2200000 4500
001 r038331
005 20041019155613.9
041 0 |a slo 
044 |a SK 
245 1 0 |a Systém zverejňovania informácií o bankách registrovaných na Novom Zélande  |c Izabela Fendeková, František Hetteš 
520 |a Na Novom Zélande uskutočňuje dohľad nad bankami centrálna banka. V roku 1991 bola uskutočnená analýza efektívnosti bankového dohľadu - v roku 1996 vstúpil do platnosti nový systém výkonu bankového dohľadu. Ťažiskom je režim zverejňovania informácií. Banky sú povinné zverejňovať správy vo formách: Prehľad kľúčových informácií, Všeobecné informácie, Doplňujúce informácie. 
610 2 0 |a banky 
610 2 0 |a Nový Zéland 
610 2 0 |a informácie 
610 2 0 |a dohľad bankový 
100 1 |a Fendeková, Izabela 
700 1 |a Hetteš, František